[Event "World Cup U16 Girls Prel"]
[Site "Tornelo INT"]
[Date "2021.08.06"]
[Round "7"]
[White "Fischer, Rhea"]
[Black "Muturi, Elsie"]
[Result "1-0"]
[WhiteElo "1151"]
[BlackElo "1086"]
[PlyCount "99"]
[EventDate "2021.08.06"]
[EventType "swiss (rapid)"]
[EventRounds "10"]
[EventCountry "NET"]
[SourceTitle "EXT 2025"]
[Source "ChessBase"]
[SourceDate "2024.10.14"]
[SourceVersion "1"]
[SourceVersionDate "2024.10.14"]
[SourceQuality "1"]

1. e4 e5 2. Nf3 Nc6 3. Nc3 Nf6 4. d4 exd4 5. Nxd4 Bc5 6. Nxc6 bxc6 7. Bg5 d6 8. Bc4 Bd7 9. 0-0 0-0 10. Qe2 Rb8 11. b3 Bd4 12. Qd2 Be5 13. Rad1 Rb4 14. Na4 Rb7 15. Nc3 h6 16. Be3 c5 17. Nd5 Ng4 18. Bf4 Bd4 19. Ne3 Ne5 20. Nd5 Nxc4 21. bxc4 c6 22. Ne3 Rb2 23. a3 Re8 24. Rb1 Rxb1 25. Rxb1 Rxe4 26. Bxd6 Qf6 27. Rb8+ Re8 28. Rb7 Bc8 29. Rxa7 Qxd6 30. Nf5 Qe6 31. Ne3 Bxe3 32. fxe3 Qxe3+ 33. Qxe3 Rxe3 34. Rc7 Re1+ 35. Kf2 Rc1 36. Rxc8+ Kh7 37. Rxc6 Rxc2+ 38. Ke3 Rxc4 39. Ra6 Rc2 40. Kf3 c4 41. Rc6 c3 42. a4 Ra2 43. Rc4 c2 44. Rc3 Rxa4 45. Rxc2 Ra3+ 46. Ke2 h5 47. Rc7 Kg6 48. Rc6+ Kg5 49. Rc5+ f5 50. g3 1-0

[Event "World Cup U16 Girls Prel"]
[Site "Tornelo INT"]
[Date "2021.08.06"]
[Round "5"]
[White "Fischer, Rhea"]
[Black "Vyas, Alisha"]
[Result "0-1"]
[WhiteElo "1151"]
[BlackElo "1282"]
[PlyCount "86"]
[EventDate "2021.08.06"]
[EventType "swiss (rapid)"]
[EventRounds "10"]
[EventCountry "NET"]
[SourceTitle "EXT 2025"]
[Source "ChessBase"]
[SourceDate "2024.10.14"]
[SourceVersion "1"]
[SourceVersionDate "2024.10.14"]
[SourceQuality "1"]

1. e4 c5 2. Nf3 d6 3. d4 cxd4 4. Nxd4 Nf6 5. Nc3 g6 6. Be3 Bg7 7. Qd2 0-0 8. 0-0-0 Nc6 9. f3 Nxd4 10. Qxd4 Be6 11. g4 Nxg4 12. fxg4 Bxd4 13. Bxd4 Bxg4 14. Re1 Qa5 15. Bc4 a6 16. Ref1 Be6 17. Bd3 Rac8 18. Kb1 b5 19. Nd5 Bxd5 20. exd5 e6 21. dxe6 fxe6 22. Re1 e5 23. Bc3 Qb6 24. Rd1 Rf6 25. Be4 Rcf8 26. Bd5+ Kg7 27. Bg2 b4 28. Bd2 Qb5 29. Bg5 Rf2 30. Rhg1 Qe2 31. Rc1 Rxg2 32. Be3 Rxg1 33. Bxg1 Rf1 34. Be3 Rxc1+ 35. Bxc1 Qxh2 36. a3 bxa3 37. bxa3 e4 38. Bb2+ Kf7 39. Ka2 e3 40. Bc3 e2 41. Kb2 Qg3 42. Kb3 e1Q 43. Kb2 Qexc3+ 0-1